000
00270nam a2200109Ia 4500
008
200302s9999 xx 000 0 und d
100
_a
S. L. Upal
245
_a
Electrical Wiring Estimating and Costing
260
_b
Khanna Publishers
260
_c
2001
300
_a
836 P.,
999
_c
1247
_d
1247